The battle for a generation : (Record no. 3774)
[ view plain ]
| 000 -LEADER | |
|---|---|
| fixed length control field | 00752cam a2200241 a 4500 |
| 001 - CONTROL NUMBER | |
| control field | 405438 |
| 003 - CONTROL NUMBER IDENTIFIER | |
| control field | OSt |
| 005 - DATE AND TIME OF LATEST TRANSACTION | |
| control field | 20181122155756.0 |
| 008 - FIXED-LENGTH DATA ELEMENTS--GENERAL INFORMATION | |
| fixed length control field | 961104s1996 ilu b 000 0 eng d |
| 020 ## - INTERNATIONAL STANDARD BOOK NUMBER | |
| International Standard Book Number | 0802471315 |
| 035 ## - SYSTEM CONTROL NUMBER | |
| System control number | (OCoLC)35839963 |
| 035 ## - SYSTEM CONTROL NUMBER | |
| System control number | (OCoLC)ocm35839963 |
| 040 ## - CATALOGING SOURCE | |
| Transcribing agency | DLC |
| 082 ## - DEWEY DECIMAL CLASSIFICATION NUMBER | |
| Classification number | 259 |
| Item number | H973B |
| 100 1# - MAIN ENTRY--PERSONAL NAME | |
| Personal name | Hutchcraft, Ron. |
| 245 14 - TITLE STATEMENT | |
| Title | The battle for a generation : |
| Remainder of title | Life-Changing Youth/Ministry That Makes a Difference/ |
| Statement of responsibility, etc. | Ron Hutchcraft ; with Lisa Hutchcraft Whitmer. |
| 260 ## - PUBLICATION, DISTRIBUTION, ETC. | |
| Place of publication, distribution, etc. | Chicago, Ill. : |
| Name of publisher, distributor, etc. | Moody Press, |
| Date of publication, distribution, etc. | c1996. |
| 300 ## - PHYSICAL DESCRIPTION | |
| Extent | 188 p. ; |
| Dimensions | 23 cm. |
| 504 ## - BIBLIOGRAPHY, ETC. NOTE | |
| Bibliography, etc. note | Includes bibliographical references (p. 187). |
| 650 #0 - SUBJECT ADDED ENTRY--TOPICAL TERM | |
| Topical term or geographic name entry element | Church work with teenagers. |
| 700 1# - ADDED ENTRY--PERSONAL NAME | |
| Personal name | Whitmer, Lisa Hutchcraft. |
| 942 ## - ADDED ENTRY ELEMENTS (KOHA) | |
| Source of classification or shelving scheme | Dewey Decimal Classification |
| Koha item type | Books |
| Withdrawn status | Lost status | Source of classification or shelving scheme | Damaged status | Not for loan | Collection code | Home library | Current library | Shelving location | Date acquired | Cost, normal purchase price | Total Checkouts | Full call number | Barcode | Date last seen | Price effective from | Koha item type |
|---|---|---|---|---|---|---|---|---|---|---|---|---|---|---|---|---|
| Dewey Decimal Classification | Not For Loan | Non-fiction | Harvest Mission College | Harvest Mission College | General Stacks | 22.11.2018 | 120.00 | 259 H973B | 004397 | 22.11.2018 | 22.11.2018 | Books |
